Online Catalogue and eLibrary

Nirmanakaranaya saha deshapalanaya (Record no. 5064)

MARC details
000 -LEADER
fixed length control field 00421nam a2200169Ia 4500
005 - DATE AND TIME OF LATEST TRANSACTION
control field 20250606025558.0
008 - FIXED-LENGTH DATA ELEMENTS--GENERAL INFORMATION
fixed length control field 240331s9999 xx 000 0 und d
020 ## - INTERNATIONAL STANDARD BOOK NUMBER
ISBN 9789556523102
082 ## - DDC Classification
Item Number - Author Mark WIJ
Class No. 320
100 ## - MAIN ENTRY--PERSONAL NAME
Personal name Wijesuriya,S
245 #0 - TITLE STATEMENT
Title Nirmanakaranaya saha deshapalanaya
260 ## - PUBLICATION, DISTRIBUTION, ETC.
Place of publication, distribution, etc. Mulleriya
Name of publisher, distributor, etc. Wijesuriya book centre
Date of publication, distribution, etc. 2007
300 ## - PHYSICAL DESCRIPTION
Extent (e.g. Volumes, Pages etc.) 166 p .,
650 ## - SUBJECT ADDED ENTRY--TOPICAL TERM
Topical term or geographic name entry element Creativity
650 ## - SUBJECT ADDED ENTRY--TOPICAL TERM
Topical term or geographic name entry element politics
942 ## - Koha item type (Biblio)
Koha item type Books in Stacks (Lending)
Holdings
Lost status Damaged status Collection code Home library Current library Shelving location Date acquired Full call number Accession Number Item type
    Lending WERC Library WERC Library Social Science Cupboard 03/31/2024 320 WIJ 6230 Books in Stacks (Lending)

© WERC Library